| 000 | 00733cam a22002054a 4500 | ||
|---|---|---|---|
| 020 | _a0312281242 | ||
| 040 | _cDLC | ||
| 082 | 0 | 0 | _a395 THO 2001 A010 Or. |
| 100 | 1 | _aMorgan, John, | |
| 245 | 1 | 0 |
_aDebrett's new guide to etiquette & modern manners : _bthe indispensable handbook / |
| 246 | 3 | _aNew guide to etiquette & modern manners | |
| 250 | _a1st U.S. ed. | ||
| 260 |
_aNew York : _bThomas Dunne Books/St. Martin's Press, _c2001. |
||
| 300 |
_a371 p. ; _c25 cm. |
||
| 650 | 0 | _aEtiquette. | |
| 856 | 4 | 2 | _uhttp://www.loc.gov/catdir/bios/hol054/2001040946.html |
| 856 | 4 | 2 | _uhttp://www.loc.gov/catdir/description/hol042/2001040946.html |
| 856 | 4 | 1 | _uhttp://www.loc.gov/catdir/enhancements/fy1013/2001040946-s.html |
| 942 | _cEK | ||
| 999 |
_c13525 _d13525 |
||